[Event "HUN-chT2 Breyer 1213"]
[Site "Hungary"]
[Date "2013.04.07"]
[Round "10.3"]
[White "Demeter, Tamas"]
[Black "Balog, Tamas"]
[Result "1-0"]
[WhiteElo "2068"]
[BlackElo "2095"]
[PlyCount "49"]
[EventDate "2012.09.16"]
[EventType "team-tourn"]
[EventRounds "11"]
[EventCountry "HUN"]
[SourceTitle "EXT 2014"]
[Source "ChessBase"]
[SourceDate "2013.11.20"]
[SourceVersion "1"]
[SourceVersionDate "2013.11.20"]
[SourceQuality "1"]
[WhiteTeam "Gyor Komszomol"]
[BlackTeam "Zsambek"]
[WhiteTeamCountry "HUN"]
[BlackTeamCountry "HUN"]

1. c4 Nf6 2. Nc3 e6 3. Nf3 d5 4. cxd5 exd5 5. d4 Be7 6. Bg5 0-0 7. e3 Be6 8. Bd3 h6 9. Bh4 c5 10. dxc5 Bxc5 11. 0-0 Nc6 12. Rc1 Be7 13. Bb1 Qa5 14. a3 Rfd8 15. Nd4 Nxd4 16. exd4 Rac8 17. Qd3 Rc4 18. Rc2 g6 19. Re2 Rc6 20. Qd2 g5 21. f4 Bxa3 22. fxg5 Bxb2 23. gxf6 Qxc3 24. Qxh6 Qxd4+ 25. Kh1 1-0

[Event "HUN-chT2 Breyer 1213"]
[Site "Hungary"]
[Date "2013.01.27"]
[Round "7.3"]
[White "Ikanov, Imre"]
[Black "Balog, Tamas"]
[Result "0-1"]
[WhiteElo "2028"]
[BlackElo "2095"]
[PlyCount "54"]
[EventDate "2012.09.16"]
[EventType "team-tourn"]
[EventRounds "11"]
[EventCountry "HUN"]
[SourceTitle "EXT 2014"]
[Source "ChessBase"]
[SourceDate "2013.11.20"]
[SourceVersion "1"]
[SourceVersionDate "2013.11.20"]
[SourceQuality "1"]
[WhiteTeam "Zoltek"]
[BlackTeam "Zsambek"]
[WhiteTeamCountry "HUN"]
[BlackTeamCountry "HUN"]

1. e4 c6 2. d4 d5 3. f3 e6 4. Nc3 Bb4 5. e5 c5 6. a3 Bxc3+ 7. bxc3 Nc6 8. Bb5 Nge7 9. Ne2 0-0 10. Bxc6 Nxc6 11. 0-0 Qa5 12. Be3 b6 13. f4 Ba6 14. Bd2 Bxe2 15. Qxe2 cxd4 16. cxd4 Nxd4 17. Qd3 Qa4 18. Bb4 Nxc2 19. Bxf8 Nxa1 20. Bb4 Nc2 21. Bd6 Qd4+ 22. Qxd4 Nxd4 23. g4 Nb5 24. Bb4 a5 25. Be7 Nd4 26. f5 Rc8 27. Rd1 Nf3+ 0-1

[Event "HUN-chT2 Breyer 1213"]
[Site "Hungary"]
[Date "2012.12.02"]
[Round "5.4"]
[White "Balog, Tamas"]
[Black "Nadi, Ferenc"]
[Result "1/2-1/2"]
[WhiteElo "2095"]
[BlackElo "2084"]
[PlyCount "44"]
[EventDate "2012.09.16"]
[EventType "team-tourn"]
[EventRounds "11"]
[EventCountry "HUN"]
[SourceTitle "EXT 2014"]
[Source "ChessBase"]
[SourceDate "2013.11.20"]
[SourceVersion "1"]
[SourceVersionDate "2013.11.20"]
[SourceQuality "1"]
[WhiteTeam "Zsambek"]
[BlackTeam "MAV Elore"]
[WhiteTeamCountry "HUN"]
[BlackTeamCountry "HUN"]

1. d4 Nf6 2. c4 g6 3. Nc3 Bg7 4. e4 d6 5. f4 0-0 6. Nf3 c5 7. d5 e6 8. Bd3 exd5 9. cxd5 b5 10. Bxb5 Nxe4 11. Nxe4 Qa5+ 12. Kf2 Qxb5 13. Nxd6 Qb6 14. Nc4 Qa6 15. Ne3 Nd7 16. Re1 Bb7 17. Qe2 Qd6 18. Qb5 Nb6 19. b4 cxb4 20. Rb1 Bxd5 21. Rd1 Bc4 22. Rxd6 Bxb5 1/2-1/2

[Event "HUN-chT2 Breyer 1112"]
[Site "Hungary"]
[Date "2012.05.20"]
[Round "11.4"]
[White "Balog, Tamas"]
[Black "Nagy, Aron"]
[Result "0-1"]
[WhiteElo "2106"]
[BlackElo "2047"]
[PlyCount "92"]
[EventDate "2011.09.25"]
[EventType "team-tourn"]
[EventRounds "11"]
[EventCountry "HUN"]
[SourceTitle "EXT 2013"]
[Source "ChessBase"]
[SourceDate "2012.11.22"]
[SourceVersion "1"]
[SourceVersionDate "2012.11.22"]
[SourceQuality "1"]
[WhiteTeam "Zsambek"]
[BlackTeam "Husi"]
[WhiteTeamCountry "HUN"]
[BlackTeamCountry "HUN"]

1. d4 d5 2. Nf3 Nf6 3. g3 c6 4. Bg2 Bf5 5. 0-0 h6 6. c4 e6 7. Nc3 Nbd7 8. Re1 Be7 9. Ne5 Nxe5 10. dxe5 Ng4 11. cxd5 Bc5 12. e3 exd5 13. f4 d4 14. Na4 Bb4 15. h3 Nxe3 16. Rxe3 dxe3 17. Qxd8+ Rxd8 18. Bxe3 0-0 19. a3 Be7 20. Nc3 a6 21. Ne2 Be6 22. Kf2 Bd5 23. Bf1 f6 24. Bb6 Rde8 25. exf6 Bxf6 26. Nc3 Bb3 27. Bd3 Bd8 28. Bc5 Be7 29. Bb6 Bd6 30. Ne4 Be7 31. Nc3 Kh8 32. Re1 Bf6 33. Rc1 Be6 34. h4 Rc8 35. Re1 Bg4 36. Rc1 c5 37. Na4 Bd4+ 38. Kg2 Bd7 39. Nxc5 Bc6+ 40. Kf1 Bxb2 41. Rb1 Bxa3 42. Ne6 Rfe8 43. f5 Be7 44. Nf4 Bf6 45. g4 Be4 46. Ng6+ Kg8 0-1

[Event "HUN-chT2 Breyer 1011"]
[Site "Hungary"]
[Date "2011.04.17"]
[Round "9.5"]
[White "Lako, Laszlo"]
[Black "Balog, Tamas"]
[Result "1/2-1/2"]
[WhiteElo "2096"]
[BlackElo "2117"]
[PlyCount "47"]
[EventDate "2010.09.12"]
[EventType "team-tourn"]
[EventRounds "11"]
[EventCountry "HUN"]
[SourceTitle "EXT 2012"]
[Source "ChessBase"]
[SourceDate "2011.11.24"]
[SourceVersion "1"]
[SourceVersionDate "2011.11.24"]
[SourceQuality "1"]
[WhiteTeam "MAFC"]
[BlackTeam "Zsambek"]
[WhiteTeamCountry "HUN"]
[BlackTeamCountry "HUN"]

1. d4 d5 2. Nf3 c5 3. c4 e6 4. cxd5 exd5 5. Bg5 Be7 6. Bxe7 Nxe7 7. dxc5 Qa5+ 8. Nbd2 0-0 9. e3 Qxc5 10. Be2 Nbc6 11. 0-0 Rd8 12. Nb3 Qd6 13. Nfd4 a6 14. Qc2 Ne5 15. Rac1 Qf6 16. Nc5 N7g6 17. Nd3 h6 18. Nxe5 Nxe5 19. Rfd1 Ng4 20. Bf3 Ne5 21. Be2 Ng4 22. Bf3 Ne5 23. Be2 Ng4 24. Bf3 1/2-1/2

[Event "HUN-chT2 Breyer 1011"]
[Site "Hungary"]
[Date "2010.09.12"]
[Round "1.4"]
[White "Csoli, Odon"]
[Black "Balog, Tamas"]
[Result "1-0"]
[WhiteElo "2158"]
[BlackElo "2117"]
[PlyCount "79"]
[EventDate "2010.09.12"]
[EventType "team-tourn"]
[EventRounds "11"]
[EventCountry "HUN"]
[SourceTitle "EXT 2012"]
[Source "ChessBase"]
[SourceDate "2011.11.24"]
[SourceVersion "1"]
[SourceVersionDate "2011.11.24"]
[SourceQuality "1"]
[WhiteTeam "Szazhalombatta"]
[BlackTeam "Zsambek"]
[WhiteTeamCountry "HUN"]
[BlackTeamCountry "HUN"]

1. d4 d5 2. Nf3 c5 3. c4 e6 4. cxd5 exd5 5. Nc3 Nc6 6. Bf4 Nf6 7. e3 Be7 8. Be2 0-0 9. 0-0 Ne4 10. Rc1 Nxc3 11. Rxc3 c4 12. Ne5 Nxe5 13. Bxe5 b5 14. Bf3 f6 15. Bg3 f5 16. b3 Be6 17. bxc4 bxc4 18. Qa4 Rc8 19. Rb1 Bd6 20. Qa6 Rb8 21. Rcc1 Rb6 22. Qxa7 Rxb1 23. Rxb1 Bxg3 24. hxg3 Qc8 25. Qa5 Qa8 26. Qxa8 Rxa8 27. Rb2 g5 28. Be2 Ra7 29. Kf1 Bd7 30. f3 Ra3 31. Rb7 Ba4 32. Rc7 Rxa2 33. e4 Ra1+ 34. Kf2 Ra2 35. exd5 Bd1 36. d6 Rxe2+ 37. Kf1 Re8 38. d7 Rf8 39. Rc8 Ba4 40. Rxf8+ 1-0

[Event "HUN-chT2 Breyer 0910"]
[Site "Hungary"]
[Date "2010.05.02"]
[Round "11"]
[White "Balog, Tamas"]
[Black "Lako, Laszlo"]
[Result "1/2-1/2"]
[WhiteElo "2087"]
[BlackElo "2169"]
[PlyCount "34"]
[EventDate "2009.11.08"]
[EventType "team-tourn"]
[EventRounds "11"]
[EventCountry "HUN"]
[SourceTitle "EXT 2011"]
[Source "ChessBase"]
[SourceDate "2010.11.26"]
[SourceVersion "1"]
[SourceVersionDate "2010.11.26"]
[SourceQuality "1"]
[WhiteTeam "Zsambek"]
[BlackTeam "MAFC"]
[WhiteTeamCountry "HUN"]
[BlackTeamCountry "HUN"]

1. d4 Nf6 2. c4 c5 3. d5 e5 4. Nc3 d6 5. e4 Be7 6. f4 exf4 7. Bxf4 Nbd7 8. Nf3 Ng4 9. Qd2 Nge5 10. Be2 0-0 11. 0-0 Bf6 12. a3 Qe7 13. Rad1 Re8 14. Nb5 Rf8 15. Nc3 Re8 16. Nb5 Rf8 17. Nc3 Re8 1/2-1/2

[Event "HUN-chT2 Breyer 0910"]
[Site "Hungary"]
[Date "2010.01.31"]
[Round "5"]
[White "Balog, Tamas"]
[Black "Kormos, Andras"]
[Result "0-1"]
[WhiteElo "2087"]
[BlackElo "2143"]
[PlyCount "56"]
[EventDate "2009.11.08"]
[EventType "team-tourn"]
[EventRounds "11"]
[EventCountry "HUN"]
[SourceTitle "EXT 2011"]
[Source "ChessBase"]
[SourceDate "2010.11.26"]
[SourceVersion "1"]
[SourceVersionDate "2010.11.26"]
[SourceQuality "1"]
[WhiteTeam "Zsambek"]
[BlackTeam "BEAC II"]
[WhiteTeamCountry "HUN"]
[BlackTeamCountry "HUN"]

1. d4 g6 2. h4 Nf6 3. e3 Bg7 4. Bd3 d5 5. Nd2 c6 6. Ndf3 Bg4 7. Ne2 Nbd7 8. Nh2 e5 9. Nxg4 Nxg4 10. Ng3 h5 11. Be2 Nh6 12. c4 exd4 13. cxd5 dxe3 14. dxc6 exf2+ 15. Kf1 bxc6 16. Qd6 Ne5 17. Qc5 Qb6 18. Qa3 Nhg4 19. Ne4 Bf8 20. Qa4 Be7 21. Qa6 Qd4 22. Bxg4 Qxe4 23. Qe2 Qxg4 24. Qxe5 0-0-0 25. Be3 Qc4+ 26. Kxf2 Bxh4+ 27. g3 Rhe8 28. Qa5 Bxg3+ 0-1

[Event "HUN-chT2 Breyer 0708"]
[Site "Hungary"]
[Date "2007.12.16"]
[Round "5"]
[White "Balog, Tamas"]
[Black "Binder, Tamas"]
[Result "1/2-1/2"]
[WhiteElo "2024"]
[BlackElo "2302"]
[PlyCount "84"]
[EventDate "2007.10.14"]
[EventType "team"]
[EventRounds "11"]
[EventCountry "HUN"]
[SourceTitle "EXT 2009"]
[Source "ChessBase"]
[SourceDate "2008.11.26"]
[SourceVersion "1"]
[SourceVersionDate "2008.11.26"]
[SourceQuality "1"]
[WhiteTeam "Zsambek"]
[BlackTeam "Hobagoly"]
[WhiteTeamCountry "HUN"]
[BlackTeamCountry "HUN"]

1. d4 Nf6 2. c4 g6 3. Nc3 Bg7 4. e4 d6 5. f4 0-0 6. Nf3 c5 7. d5 e6 8. Bd3 exd5 9. cxd5 Re8 10. 0-0 c4 11. Bc2 b5 12. a3 Qb6+ 13. Kh1 Nbd7 14. h3 Nh5 15. Kh2 a6 16. g4 Nhf6 17. f5 Nc5 18. g5 Nfxe4 19. f6 Nxf6 20. gxf6 Bxf6 21. Ng5 Be5+ 22. Bf4 Ra7 23. Qf3 f5 24. Kg2 Qd8 25. Rad1 h6 26. Ne6 Nxe6 27. dxe6 Bb7 28. Nd5 Bxf4 29. Qxf4 Rxe6 30. Kg1 Re5 31. Nc3 Qb6+ 32. Kh2 Kh7 33. Rg1 Ba8 34. Rg3 Rf7 35. Rdg1 g5 36. Rxg5 hxg5 37. Rxg5 Rf6 38. Bxf5+ Rfxf5 39. Rxf5 Rxf5 40. Qxf5+ Kg7 41. Qg5+ Kf7 42. Qf5+ Kg7 1/2-1/2

[Event "HUN-chT2 Breyer 0708"]
[Site "Hungary"]
[Date "2007.11.11"]
[Round "2"]
[White "Dibusz, Ferenc"]
[Black "Balog, Tamas"]
[Result "0-1"]
[WhiteElo "2195"]
[BlackElo "2024"]
[PlyCount "62"]
[EventDate "2007.10.14"]
[EventType "team"]
[EventRounds "11"]
[EventCountry "HUN"]
[SourceTitle "EXT 2009"]
[Source "ChessBase"]
[SourceDate "2008.11.26"]
[SourceVersion "1"]
[SourceVersionDate "2008.11.26"]
[SourceQuality "1"]
[WhiteTeam "Geniusz Tata"]
[BlackTeam "Zsambek"]
[WhiteTeamCountry "HUN"]
[BlackTeamCountry "HUN"]

1. d4 d5 2. Nf3 Nf6 3. Bf4 e6 4. e3 c5 5. c3 Nc6 6. Bd3 Be7 7. Nbd2 a6 8. Ne5 0-0 9. 0-0 Nd7 10. e4 Ndxe5 11. dxe5 Bg5 12. Bxg5 Qxg5 13. f4 Qe7 14. Qh5 c4 15. exd5 Qc5+ 16. Kh1 cxd3 17. Ne4 Qxd5 18. Rae1 d2 19. Re3 f6 20. Rd1 fxe5 21. Rxd2 Qb5 22. Rf3 exf4 23. Qh4 Qf5 24. Ng3 Qg6 25. Ne2 e5 26. h3 Bf5 27. Ng1 Be4 28. Rff2 Rad8 29. Rxd8 Rxd8 30. Re2 Rd1 31. Qf2 f3 0-1

[Event "HUN-chT2 Breyer 0607"]
[Site "Hungary"]
[Date "2007.04.15"]
[Round "8"]
[White "Balog, Tamas"]
[Black "Bodnar, Zoltan"]
[Result "1/2-1/2"]
[WhiteElo "2010"]
[BlackElo "2152"]
[PlyCount "33"]
[EventDate "2006.11.12"]
[EventType "team"]
[EventRounds "11"]
[EventCountry "HUN"]
[SourceTitle "EXT 2008"]
[Source "ChessBase"]
[SourceDate "2007.11.25"]
[SourceVersion "1"]
[SourceVersionDate "2007.11.25"]
[SourceQuality "1"]
[WhiteTeam "Zsambek"]
[BlackTeam "Balatonfuered"]
[WhiteTeamCountry "HUN"]
[BlackTeamCountry "HUN"]

1. d4 d5 2. c4 e6 3. Nc3 Nf6 4. cxd5 exd5 5. Bg5 Be7 6. e3 c6 7. Qc2 Nbd7 8. Nf3 0-0 9. Bd3 Re8 10. 0-0 Nf8 11. h3 Ne4 12. Bf4 Ng5 13. Nxg5 Bxg5 14. Bg3 Be7 15. a3 Bd6 16. Bxd6 Qxd6 17. Bf5 1/2-1/2

[Event "HUN-chT2 Breyer 0607"]
[Site "Hungary"]
[Date "2007.03.04"]
[Round "6"]
[White "Szobi, Geza"]
[Black "Balog, Tamas"]
[Result "1/2-1/2"]
[WhiteElo "2048"]
[BlackElo "2010"]
[PlyCount "54"]
[EventDate "2006.11.12"]
[EventType "team"]
[EventRounds "11"]
[EventCountry "HUN"]
[SourceTitle "EXT 2008"]
[Source "ChessBase"]
[SourceDate "2007.11.25"]
[SourceVersion "1"]
[SourceVersionDate "2007.11.25"]
[SourceQuality "1"]
[WhiteTeam "Geniusz Tata"]
[BlackTeam "Zsambek"]
[WhiteTeamCountry "HUN"]
[BlackTeamCountry "HUN"]

1. d4 d5 2. c4 e6 3. Nc3 c5 4. e3 Nf6 5. Nf3 Nc6 6. Bd3 dxc4 7. Bxc4 Be7 8. 0-0 0-0 9. a3 a6 10. dxc5 Bxc5 11. Qc2 Bd6 12. b4 Ne5 13. Be2 Qc7 14. h3 Bd7 15. Bb2 Rac8 16. Qb3 Bc6 17. Nd4 Qe7 18. Nxc6 Nxc6 19. b5 axb5 20. Nxb5 Bb8 21. Rab1 Ne4 22. Bd3 Nd2 23. Qc3 Nf3+ 24. gxf3 Ne5 25. Qxe5 Bxe5 26. Bxe5 Qg5+ 27. Bg3 Qh5 1/2-1/2

[Event "HUN-chT2 Breyer 0607"]
[Site "Hungary"]
[Date "2006.11.12"]
[Round "1"]
[White "Balog, Tamas"]
[Black "Kiss, Akos"]
[Result "1/2-1/2"]
[WhiteElo "2010"]
[BlackElo "2069"]
[PlyCount "85"]
[EventDate "2006.11.12"]
[EventType "team"]
[EventRounds "11"]
[EventCountry "HUN"]
[SourceTitle "EXT 2008"]
[Source "ChessBase"]
[SourceDate "2007.11.25"]
[SourceVersion "1"]
[SourceVersionDate "2007.11.25"]
[SourceQuality "1"]
[WhiteTeam "Zsambek"]
[BlackTeam "Penzugyor II"]
[WhiteTeamCountry "HUN"]
[BlackTeamCountry "HUN"]

1. d4 Nf6 2. c4 c5 3. d5 b5 4. cxb5 a6 5. f3 d6 6. e4 axb5 7. Bxb5+ Bd7 8. Nc3 Bxb5 9. Nxb5 Qa5+ 10. Nc3 g6 11. Nge2 Bg7 12. 0-0 0-0 13. a4 Ne8 14. Bg5 Ra7 15. Nb5 Rb7 16. Bd2 Qa8 17. Bc3 Na6 18. Bxg7 Kxg7 19. Nec3 Nac7 20. Qc2 Qb8 21. Rfc1 Nxb5 22. Nxb5 Nf6 23. Rab1 Rc8 24. b3 Kg8 25. Nd4 Rbc7 26. Nc6 Qb6 27. Qc4 e6 28. a5 Qb7 29. b4 exd5 30. exd5 cxb4 31. Rxb4 Qa8 32. Rb6 Nd7 33. Ne7+ Kf8 34. Rc6 Rxc6 35. Nxc6 Ne5 36. Qb5 Rc7 37. a6 Qd8 38. Re1 Qd7 39. a7 Rc8 40. f4 Nxc6 41. dxc6 Qxa7+ 42. Kh1 Qc5 43. Qb2 1/2-1/2